| 000 | 00793nam a22002057a 4500 | ||
|---|---|---|---|
| 005 | 20110927104620.0 | ||
| 010 | _aG-001528 | ||
| 020 | _c75.00 | ||
| 035 | 1 | d | _aG-001528 |
| 037 | _bGift | ||
| 082 | _a346.07 | ||
| 100 |
_aKapoor, N.D. _934902 |
||
| 245 |
_aCommercial law: _bfor Indian Institute of Banker's examination and other equivalent course / _cby N.D. Kapoor |
||
| 260 |
_aNew Delhi _bSultan Chand _c1996 |
||
| 270 |
_a23, Daryaganj _bNew Delhi _e110002 |
||
| 300 |
_aVarious pagings _c24cm(pbk) |
||
| 942 |
_2ddc _cEN _h346.07 _mKAP |
||
| 999 |
_c57029 _d57029 |
||